Dinámica de una ciudad (Registro nro. 6363)
[ vista simple ]
| 000 -LEADER | |
|---|---|
| fixed length control field | 00925 a2200241 4500 |
| 001 - CONTROL NUMBER | |
| control field | 57983 |
| 005 - DATE AND TIME OF LATEST TRANSACTION | |
| control field | 20260407155839.0 |
| 008 - FIXED-LENGTH DATA ELEMENTS--GENERAL INFORMATION | |
| fixed length control field | 260407a2010 arg spa d |
| 003 - CONTROL NUMBER IDENTIFIER | |
| control field | AR-UNSa-BCEJYS |
| 040 ## - CATALOGING SOURCE | |
| Original cataloging agency | AR-UNSa-BCEJYS |
| Language of cataloging | spa |
| Transcribing agency | AR-UNSa-BCEJYS |
| 080 ## - UNIVERSAL DECIMAL CLASSIFICATION NUMBER | |
| Universal Decimal Classification number | 94((821.1) |
| Common auxiliary subdivision | Historia de CABA |
| 020 ## - INTERNATIONAL STANDARD BOOK NUMBER | |
| International Standard Book Number | 978-987-1037-95-7 |
| 041 ## - LANGUAGE CODE | |
| Language code of text/sound track or separate title | spa |
| 100 1# - MAIN ENTRY--PERSONAL NAME | |
| Personal name | Ciudad Autónoma de Buenos Aires. Ministerio de Hacienda. Dirección General de Estadísticas y Censos |
| 245 10 - TITLE STATEMENT | |
| Title | Dinámica de una ciudad |
| Name of part/section of a work | Buenos Aires, 1810-2010 |
| 264 #1 - PRODUCTION, PUBLICATION, DISTRIBUTION, MANUFACTURE, AND COPYRIGHT NOTICE | |
| Place of production, publication, distribution, manufacture | Buenos Aires : |
| Name of producer, publisher, distributor, manufacturer | Dirección General de Estadística y Censos |
| Date of production, publication, distribution, manufacture, or copyright notice | 2010 |
| 300 ## - PHYSICAL DESCRIPTION | |
| Extent | 522 p. |
| Dimensions | 27 cm. |
| 505 ## - FORMATTED CONTENTS NOTE | |
| Formatted contents note | 1. Ambiente natural – 2. Población y territorio – 3. Dinámica social y económica – 4. Política y gestión gubernamental – 5. Cultura |
| 590 ## - LOCAL NOTE (RLIN) | |
| Local note | niveau_biblio:m niveau_hierar:0 |
| 700 1# - ADDED ENTRY--PERSONAL NAME | |
| Personal name | Zuloaga, Nora G. |
| 700 1# - ADDED ENTRY--PERSONAL NAME | |
| Personal name | Lattes, Alfredo E. |
| 942 ## - ADDED ENTRY ELEMENTS (KOHA) | |
| Koha item type | |
| Withdrawn status | Lost status | Damaged status | Not for loan | Home library | Current library | Shelving location | Date acquired | Total checkouts | Full call number | Barcode | Date last seen | Price effective from | Koha item type |
|---|---|---|---|---|---|---|---|---|---|---|---|---|---|
| Biblioteca Prof. Eusebio Cleto del Rey | Biblioteca Prof. Eusebio Cleto del Rey | 07/04/2026 | 94(821.1) C565 | L118608 | 07/04/2026 | 07/04/2026 | Libro |